LIBRARY & INFORMATION CENTRE, KCAET, TAVANUR

ONLINE PUBLIC ACCESS CATALOGUE (OPAC)

Theory and problems of differential and integral calculus in SI Metric units / (Record no. 97)

MARC details
000 -LEADER
fixed length control field 00602cam a2200217ua 4500
020 ## - INTERNATIONAL STANDARD BOOK NUMBER
ISBN 0-07-099005-0
041 ## - LANGUAGE CODE
Language code of text/sound track or separate title eng
082 ## - DEWEY DECIMAL CLASSIFICATION NUMBER
Classification number 515
Item number AYR/TH
100 ## - MAIN ENTRY--AUTHOR NAME
Personal name Ayres, Frank .
245 ## - TITLE STATEMENT
Title Theory and problems of differential and integral calculus in SI Metric units /
250 ## - EDITION STATEMENT
Edition statement 2 /
260 ## - PUBLICATION, DISTRIBUTION, ETC. (IMPRINT)
Place of publication New York :
Name of publisher Mc Graw Hill Book Company ,
Year of publication 1972.
300 ## - PHYSICAL DESCRIPTION
Number of Pages 346 ; .
490 0# - SERIES STATEMENT
Series statement Schaum`s outline series,
Volume number/sequential designation
942 ## - ADDED ENTRY ELEMENTS (KOHA)
Koha item type Books
003 - CONTROL NUMBER IDENTIFIER
control field @
003 - CONTROL NUMBER IDENTIFIER
control field OSt
Holdings
Withdrawn status Lost status Damaged status Home library Current library Date acquired Full call number Accession Number Koha item type
      KAUAET KAUAET 07/04/2012 515 16920 Books
free website counter